Bioética : perspectiva multidisciplinaria /

Guardado en:
Detalles Bibliográficos
Otros autores: Alcantar Camarena, Alfredo (autor) (autor)
Formato: Libro
Idioma:Español
Publicado: México : UNAM, Facultad de Estudios Superiores Zaragoza, 2005, c2005
Temas:
Etiquetas: Agrega una etiqueta
Sin etiquetas, Sé el primero en etiquetar este registro!

MARC

LEADER 00000nam^a2200000^a^4500
001 000188190
005 20250521000000.0
009 20260310102328.128
020 |a 970-32-2740-6 
037 |a Acervo ITESO - Biblioteca 
041 |a ESP 
082 |a 174. 2  |b BIO 
245 0 0 |a Bioética :  |b perspectiva multidisciplinaria /  |c A. Alcantar Camarena... [et al.] 
264 4 |a México :  |b UNAM, Facultad de Estudios Superiores Zaragoza,  |c 2005, c2005 
300 |a 146 p. 
336 |a texto  |b txt  |2 rdacontenido 
337 |a sin mediación  |b n  |2 rdamedio 
338 |a volumen  |b nc  |2 rdasoporte 
649 |a XX 
650 |a Calidad de Vida 
650 |a Vida -  |x Filosofía 
650 |a Bioética 
650 |a Etica Médica 
650 |a Etica Profesional 
650 |a Ecología 
650 |a Informática 
650 |a Educación 
650 |a Psicología 
650 |a Medicina 
650 |a Ciencias Médicas 
700 |a Alcantar Camarena, Alfredo  |e (autor) 
910 |a Fondo General 
920 |a Impresos - Libros 
930 |a Colección General 
905 |a 101 
901 |a 0500130880  |b IT1  |c ACC  |u 20250521 
902 |a https://opac.biblio.iteso.mx/vufind/Record/000188190